Vinimaya (Record no. 48845)
[ view plain ]
| 000 -LEADER | |
|---|---|
| fixed length control field | 00702nam a22002417a 4500 |
| 005 - DATE AND TIME OF LATEST TRANSACTION | |
| control field | 20101129114855.0 |
| 006 - FIXED-LENGTH DATA ELEMENTS--ADDITIONAL MATERIAL CHARACTERISTICS--GENERAL INFORMATION | |
| fixed length control field | a|||||r|||||00| 0 |
| 007 - PHYSICAL DESCRIPTION FIXED FIELD--GENERAL INFORMATION | |
| fixed length control field | ta |
| 008 - FIXED-LENGTH DATA ELEMENTS--GENERAL INFORMATION | |
| fixed length control field | 101129c xxu||||| |||| 00| 0 eng d |
| 022 ## - INTERNATIONAL STANDARD SERIAL NUMBER | |
| International Standard Serial Number | 0970-8456 |
| 245 ## - TITLE STATEMENT | |
| Title | Vinimaya |
| 246 ## - VARYING FORM OF TITLE | |
| Title proper/short title | विनिमय |
| 260 ## - PUBLICATION, DISTRIBUTION, ETC. (IMPRINT) | |
| Place of publication, distribution, etc | Pune |
| Name of publisher, distributor, etc | National Institute of Bank Management |
| Date of publication, distribution, etc | 2010- |
| 300 ## - PHYSICAL DESCRIPTION | |
| Extent | v. |
| Other physical details | 22 cm |
| 310 ## - CURRENT PUBLICATION FREQUENCY | |
| Current publication frequency | Quarterly |
| 650 ## - SUBJECT ADDED ENTRY--TOPICAL TERM | |
| Topical term or geographic name as entry element | Bank Management |
| 9 (RLIN) | 24489 |
| 700 ## - ADDED ENTRY--PERSONAL NAME | |
| Personal name | Ramesha, K |
| 9 (RLIN) | 24490 |
| 700 ## - ADDED ENTRY--PERSONAL NAME | |
| Personal name | Basu, Sanjay |
| 9 (RLIN) | 24491 |
| 710 ## - ADDED ENTRY--CORPORATE NAME | |
| Corporate name or jurisdiction name as entry element | National Institute of Bank Management |
| 9 (RLIN) | 24492 |
| 270 ## - ADDRESS | |
| Address | NIBM Post Office |
| City | Pune |
| Postal code | 411048 |
| 942 ## - ADDED ENTRY ELEMENTS (KOHA) | |
| Source of classification or shelving scheme | Dewey Decimal Classification |
| Item type | Periodicals |
| Serial record | 1 |
| Withdrawn status | Lost status | Source of classification or shelving scheme | Damaged status | Not for loan | Home library | Current library | Date acquired | Total Checkouts | Date last seen | Price effective from | Koha item type |
|---|---|---|---|---|---|---|---|---|---|---|---|
| Dewey Decimal Classification | Not For Loan | D.B.Act.Division | D.B.Act.Division | 29/11/2010 | 29/11/2010 | 29/11/2010 | Periodicals |
